000 00840cam a2200229 4500
001 J63628
008 000000n2001 000 0 eng u
035 _a(Sirsi) u111052
041 _aeng
050 _a692.8
110 _aJoint Contracts Tribunal
_93664
245 _aStandard Form of Building Contract 1998 - Practice note 3 (series 2) - Insurance -terrorism cover
260 _aLondon
_bRIBA
_c2001
300 _a12p. ; 30cm.
490 _aJCT Practice Note
_v3 (Series 2)
650 _aBUILT ENVIRONMENT-BUILDING CONTRACT FORMS
650 _aJCT STANDARD FORM OF BUILDING CONTRACT (1998 EDITION)
650 _aPRACTICE NOTES
650 _aBUILT ENVIRONMENT-BUILDING CONTRACT FORMS-STANDARD FORMS OF BUILDING CONTRACT-JOINT CONTRACTS TRIBNUAL CONTRACTS
690 _aBUILT ENVIRONMENT-BUILDING CONTRACT FORMS
942 _n0
999 _c101186
_d101186